000 00567nam a2200193 i 4500
001 47558
003 ES-MaACL
007 t|
008 030505s1916 sp ||||1| spa d
080 _a821.134.2-32"19"
100 1 _aVillaespesa, Francisco.
_9114917
245 1 3 _aEl caballero del milagro /
_cnovela inédita por Francisco Villaespesa.
260 _aMadrid :
_b[s.n.],
_c1916.
300 _a34 p. ;
_c19 cm.
490 1 _aLa novela corta ;
_v15
830 0 _aLa novela corta ;
_v15
_9182142
852 _aES-MaACL
_jG-4947(15)
_bR.132489
999 _c47558
_d47558